Arvaa piirrettävänä olevat valtiot - Statistics

Yleistilastot
  • Tätä visaa on pelattu 2 922 kertaa
  • Keskiarvotulos 5 / 16
Vastaukset kartalla
Vastauksille on annettu kartalla punavihreä väri sen mukaan, kuinka moni on saanut sen oikein.
 
Vastaustilastot
% Oikein
Ranska
56%
Egypti
55%
Itävalta
52%
Suomi
52%
Norja
51%
Venäjä
51%
Kreikka
49%
Mali
49%
Ukraina
49%
Yhdistynyt kuningaskunta
49%
Kuuba
48%
Espanja
47%
Irlanti
47%
Kazakstan
47%
Ruotsi
47%
Thaimaa
47%
Italia
46%
Latvia
45%
Meksiko
45%
Tšad
45%
Australia
44%
Kypros
44%
Saksa
44%
Marokko
43%
Puola
43%
Afganistan
42%
Intia
42%
Islanti
42%
Myanmar
42%
Namibia
42%
Argentiina
41%
Papua-Uusi-Guinea
41%
Tšekki
41%
Yhdysvallat
41%
Albania
40%
Bosnia ja Hertsegovina
40%
Gambia
40%
Kiina
40%
Kroatia
40%
Mauritania
40%
Somalia
39%
Vatikaanivaltio
39%
Alankomaat
38%
Brasilia
38%
Etelä-Afrikka
38%
Ghana
38%
Monaco
38%
Sveitsi
38%
Japani
37%
Laos
37%
Saudi-Arabia
37%
Vietnam
37%
Chile
36%
Panama
36%
Uzbekistan
36%
Viro
36%
Portugali
35%
Turkki
35%
Angola
34%
Bangladesh
34%
Libya
34%
Nepal
34%
Sambia
34%
Gabon
33%
Oman
33%
Tanska
33%
Benin
32%
Eritrea
32%
Jordania
32%
Liettua
32%
Malesia
32%
Niger
32%
Pakistan
32%
Slovenia
32%
Sri Lanka
32%
Moldova
31%
Senegal
31%
Bulgaria
30%
Georgia
30%
Irak
30%
Madagaskar
30%
Tunisia
30%
Uusi-Seelanti
30%
Iran
29%
Jemen
29%
Keski-Afrikan tasavalta
29%
Kongon demokraattinen tasavalta
29%
Malawi
28%
Mosambik
28%
Nigeria
27%
Trinidad ja Tobago
27%
Venezuela
27%
Peru
26%
Etelä-Korea
25%
Israel
25%
Syyria
25%
Algeria
24%
Botswana
24%
Malta
24%
Tansania
24%
Etiopia
23%
Guyana
22%
Kongon tasavalta
22%
Liberia
22%
Nicaragua
22%
Pohjois-Korea
22%
Belgia
21%
Costa Rica
21%
Kamerun
21%
Kolumbia
21%
Kuwait
21%
Norsunluurannikko
21%
Paraguay
21%
Armenia
20%
Brunei
20%
Haiti
20%
Uruguay
20%
Libanon
19%
Yhdistyneet arabiemiraatit
19%
Bolivia
18%
Etelä-Sudan
18%
Guinea
18%
Taiwan
18%
Togo
18%
Belize
17%
Djibouti
17%
Ecuador
17%
Jamaika
16%
Sierra Leone
14%
Zimbabwe
14%
Guatemala
13%
Kenia
13%
Azerbaidžan
12%
Dominikaaninen tasavalta
12%
El Salvador
12%
Qatar
12%
Kirgisia
11%
Lesotho
11%
Honduras
10%
Tadžikistan
10%
Burundi
9%
Ehtoja vastaavia visoja ei löytynyt
Tulosjakauma
Jokaisen tuloksen saaneiden osuus
Persentiili vastausten määrän mukaan
Tuloshistoriasi
Et ole pelannut tätä visaa